Solutions manual to accompany contract theory

Gespeichert in:
Bibliographische Detailangaben
1. Verfasser: Campbell, Arthur
Format: Buch
Sprache:Englisch
Veröffentlicht: Cambridge <The> MIT Press 2007
Schriftenreihe:Economics
Schlagworte:
Tags: Tag hinzufügen
Keine Tags, Fügen Sie das erste Tag hinzu!

MARC

LEADER 00000nam a2200000 4500
001 0143537
005 20240315115718.3
020 |a 978-0-262-53299-0 
020 |a 0-262-53299-9 
041 0 |a eng 
044 |a US 
245 1 0 |a Solutions manual to accompany contract theory  |c Arthur Campbell ... [et al.] 
264 1 |a Cambridge  |b <The> MIT Press  |c 2007 
300 |a 140 s. 
490 1 |a Economics 
830 0 |a Economics 
610 2 0 |a teórie ekonomické 
610 2 0 |a kontrakty 
610 2 0 |a metodológia 
610 2 0 |a informácie 
610 2 0 |a firmy 
610 2 0 |a investície 
610 2 0 |a reklama 
610 2 0 |a hazard morálny 
610 2 0 |a trh 
100 1 |a Campbell, Arthur